000 00517ntaaa2200205 4500
003 01
005 20251027202144.0
008 0714s1973 ag 01
040 _aAR-BaBN
_bspa
_cAR-BaBN
_eaacr
_dRIC
082 _a264.1000 B414
100 _aBeecher, Henry Ward
_915093
245 _aPrayers from Plymouth pulpit
250 _a1 ed.
260 _aNew York :
_bHodder and Stoughton,
_cs.f.
300 _a332 p
650 _aoración
_91331
650 _aculto publico
_9808
650 _asermones
_9362
942 _cBK
999 _c16525
_d16525